Historia de la filosofia de la historia /
Guardado en:
| Autor Principal: | |
|---|---|
| Formato: | Libro |
| Publicado: |
Buenos Aires-mexico :
Espasa-calp,
1954
|
| Materias: | |
| Etiquetas: |
Agregar Etiqueta
Sin Etiquetas, Sea el primero en etiquetar este registro!
|
| LEADER | 00530nam a22001695a 4500 | ||
|---|---|---|---|
| 001 | EHU.bham011921 | ||
| 003 | AR-BHAM | ||
| 005 | 20100218195205.0 | ||
| 008 | 130507s1954##################000#0#####d | ||
| 082 | 9 | 0 | |a 900.109 |
| 100 | 1 | |a Thyseen, Johannes | |
| 245 | 1 | 0 | |a Historia de la filosofia de la historia / |c Johannes Thyseen |
| 260 | |a Buenos Aires-mexico : |b Espasa-calp, |c 1954 | ||
| 300 | |a 191 p. | ||
| 500 | |a Trad. Federico Korell | ||
| 653 | |a Historia-filosofia de la | ||
| 859 | |a AR-BHAM |b BIB. HUMANIDADES - General |h 900.109 |i T429 |p 277.62 |t Ej.1 | ||
